| 000 | 00641nam a22002057a 4500 | ||
|---|---|---|---|
| 999 |
_c11545 _d11545 |
||
| 003 | AR-CdUCM | ||
| 008 | 190404b ||||| |||| 00| 0 spa d | ||
| 040 |
_aMUNICIPALIDAD PROVINCIAL DEL CUSCO _cBIBLIOTECA MUNICIPAL DEL CUSCO |
||
| 082 |
_a868.5 / 1947 / _bP43 |
||
| 100 |
_aPérez Galdós, Benito _91429 |
||
| 245 | _aLo prohibido / | ||
| 260 |
_aMadrid : _bEditorial Losada, _c1947. |
||
| 300 |
_a2 tomos ; _c18 cm. |
||
| 505 | _aContenido: t.1 -- t.2: Literatura española. | ||
| 650 |
_aIdilio campestre _928964 |
||
| 650 |
_aLiteratura española _9362 |
||
| 650 |
_aSiglo XX _98 |
||
| 942 |
_2ddc _cLIBROS |
||
| 945 |
_adavv _d04/04/2019 |
||